Detalles MARC
| 000 -LEADER |
| campo de control de longitud fija |
05116cam a22007694i 4500 |
| 001 - NÚMERO DE CONTROL |
| campo de control |
u49357 |
| 003 - IDENTIFICADOR DE NÚMERO DE CONTROL |
| campo de control |
PE-LiUPU |
| 005 - FECHA Y HORA DE LA ÚLTIMA TRANSACCIÓN |
| campo de control |
20250731173400.0 |
| 008 - DATOS DE LONGITUD FIJA--INFORMACIÓN GENERAL |
| campo de control de longitud fija |
150706s2007 ag a rb 000 0 spa d |
| 020 ## - NÚMERO INTERNACIONAL ESTÁNDAR DEL LIBRO |
| Número Internacional Estándar del Libro |
9789875672727 |
| 035 ## - NÚMERO DE CONTROL DEL SISTEMA |
| Número de control de sistema |
(Sirsi) i9789875672727 |
| 040 ## - FUENTE DE CATALOGACIÓN |
| Centro catalogador/agencia de origen |
PE-LiUPU |
| Lengua de catalogación |
spa |
| Centro/agencia transcriptor |
PE-LiUPU |
| Normas de descripción |
rda |
| 049 ## - FONDOS LOCALES (OCLC) |
| Biblioteca depositaria |
PRUA |
| 082 04 - NÚMERO DE LA CLASIFICACIÓN DECIMAL DEWEY |
| Número de clasificación |
209.07 |
| Cutter |
P86 2007 |
| 082 04 - NÚMERO DE LA CLASIFICACIÓN DECIMAL DEWEY |
| Número de clasificación |
209.07 |
| Cutter |
P86 |
| Número de edición |
21 |
| 100 1# - ENTRADA PRINCIPAL--NOMBRE DE PERSONA |
| Nombre de persona |
Priora, Juan Carlos, |
| Término indicativo de función/relación |
autor. |
| 245 13 - MENCIÓN DEL TÍTULO |
| Título |
La ciencia histórica y la fe : |
| Resto del título |
una perspectiva trascendente para interpretar y enseñar la historia / |
| Mención de responsabilidad, etc. |
Juan Carlos Priora. |
| 264 #1 - PRODUCCIÓN, PUBLICACIÓN, DISTRIBUCIÓN, FABRICACIÓN Y COPYRIGHT |
| Producción, publicación, distribución, fabricación y copyright |
Florida : |
| Nombre del de productor, editor, distribuidor, fabricante |
ACES, |
| Fecha de producción, publicación, distribución, fabricación o copyright |
2007. |
| 300 ## - DESCRIPCIÓN FÍSICA |
| Extensión |
238 páginas : |
| Otras características físicas |
ilustraciones ; |
| Dimensiones |
23 centímetros. |
| 336 ## - TIPO DE CONTENIDO |
| Término de tipo de contenido |
text |
| Fuente |
rdacontent |
| 337 ## - TIPO DE MEDIO |
| Nombre/término del tipo de medio |
unmediated |
| Fuente |
rdamedia |
| 338 ## - TIPO DE SOPORTE |
| Nombre/término del tipo de soporte |
volume |
| Fuente |
rdacarrier |
| 504 ## - NOTA DE BIBLIOGRAFÍA, ETC. |
| Nota de bibliografía, etc. |
Incluye Bibliografía. |
| 505 0# - NOTA DE CONTENIDO CON FORMATO |
| Nota de contenido con formato |
La ciencia y la fe razonada, ¿son incompatibles? -- Importancia y utilidad de la historia -- Las fuentes de la historia -- Historia y profecía -- La prehistoria -- La edad antigua -- La edad media -- La edad moderna -- La edad contemporánea -- ¿Hacia dónde vamos?. |
| 526 ## - NOTA DE INFORMACIÓN SOBRE EL PROGRAMA DE ESTUDIO |
| Nombre del programa |
Segunda Especialidad En Profecías Bíblicas |
| 526 ## - NOTA DE INFORMACIÓN SOBRE EL PROGRAMA DE ESTUDIO |
| Nombre del programa |
Segunda Especialidad En Nuevo Testamento |
| 526 ## - NOTA DE INFORMACIÓN SOBRE EL PROGRAMA DE ESTUDIO |
| Nombre del programa |
Segunda Especialidad En Antiguo Testamento |
| 526 ## - NOTA DE INFORMACIÓN SOBRE EL PROGRAMA DE ESTUDIO |
| Nombre del programa |
Segunda Especialidad En Estudios Adventistas |
| 526 ## - NOTA DE INFORMACIÓN SOBRE EL PROGRAMA DE ESTUDIO |
| Nombre del programa |
Doctorado en teología |
| 526 ## - NOTA DE INFORMACIÓN SOBRE EL PROGRAMA DE ESTUDIO |
| Nombre del programa |
Maestría en teología histórica |
| 526 ## - NOTA DE INFORMACIÓN SOBRE EL PROGRAMA DE ESTUDIO |
| Nombre del programa |
Maestría en teología bíblica |
| 526 ## - NOTA DE INFORMACIÓN SOBRE EL PROGRAMA DE ESTUDIO |
| Nombre del programa |
Maestría en teología |
| 526 ## - NOTA DE INFORMACIÓN SOBRE EL PROGRAMA DE ESTUDIO |
| Nombre del programa |
Maestría en misionología |
| 526 ## - NOTA DE INFORMACIÓN SOBRE EL PROGRAMA DE ESTUDIO |
| Nombre del programa |
Maestría en liderazgo eclesiástico |
| 526 ## - NOTA DE INFORMACIÓN SOBRE EL PROGRAMA DE ESTUDIO |
| Nombre del programa |
Teología |
| 541 ## - NOTA DE FUENTE DE ADQUISICIÓN DIRECTA |
| -- |
001-000280; |
| 541 ## - NOTA DE FUENTE DE ADQUISICIÓN DIRECTA |
| -- |
0300-000718; |
| 596 ## - |
| -- |
1 2 3 4 |
| 650 14 - PUNTO DE ACCESO ADICIONAL DE MATERIA--TÉRMINO DE MATERIA |
| Término de materia o nombre geográfico como elemento de entrada |
Ciencia y religión. |
| 650 24 - PUNTO DE ACCESO ADICIONAL DE MATERIA--TÉRMINO DE MATERIA |
| Término de materia o nombre geográfico como elemento de entrada |
Fe. |
| 9 (RLIN) |
3098 |
| 910 ## - DATOS DE OPCIÓN DEL USUARIO (OCLC) |
| Datos de opción del usuario |
gl |
| -- |
jck |
| -- |
20110214 |
| 910 ## - DATOS DE OPCIÓN DEL USUARIO (OCLC) |
| -- |
welc |
| -- |
20161024 |
| 942 ## - ELEMENTOS DE ENTRADA SECUNDARIOS (KOHA) |
| Fuente del sistema de clasificación o colocación |
Clasificación Decimal Dewey |
| Tipo de ítem Koha |
|
| 994 ## - |
| -- |
C0 |
| -- |
PEPRU |
| 949 ## - PROCESAMIENTO DE INFORMACIÓN LOCAL (OCLC) |
| a |
209.07 P86 2007 |
| w |
DEWEY |
| c |
1 |
| i |
FJ03193 |
| f |
2017-12-29 |
| g |
1 |
| l |
CCODEBUJ1 |
| m |
BUJ |
| p |
6.00 |
| r |
0 |
| s |
Y |
| t |
BOOK |
| u |
2016-10-24 |
| x |
BIBLIOTECA |
| z |
UNKNOWN |
| 0 |
COMPRA |
| o |
.STAFF. Colección General Juliaca |
| 949 ## - PROCESAMIENTO DE INFORMACIÓN LOCAL (OCLC) |
| a |
209.07 P86 |
| w |
DEWEY |
| c |
2 |
| i |
75677 |
| d |
2017-11-12 |
| f |
2018-2-8 |
| g |
2 |
| l |
CCODEBUL1 |
| m |
BUL |
| p |
29.96 |
| q |
1 |
| r |
0 |
| s |
Y |
| t |
BOOK |
| u |
2017-2-6 |
| x |
TEOLOGIA |
| -- |
P35 |
| 0 |
COMPRA |
| o |
.STAFF. Colección Teología |
| 949 ## - PROCESAMIENTO DE INFORMACIÓN LOCAL (OCLC) |
| a |
209.07 P86 |
| w |
DEWEY |
| c |
3 |
| i |
75678 |
| f |
2018-2-8 |
| g |
2 |
| l |
CCODEBUL1 |
| m |
BUL |
| p |
29.96 |
| r |
0 |
| s |
Y |
| t |
BOOK |
| u |
2017-2-6 |
| x |
TEOLOGIA |
| -- |
P35 |
| 0 |
COMPRA |
| o |
.STAFF. Colección Teología |
| 949 ## - PROCESAMIENTO DE INFORMACIÓN LOCAL (OCLC) |
| a |
209.07 P86 |
| w |
DEWEY |
| c |
4 |
| i |
75679 |
| d |
2018-5-14 |
| f |
2018-2-8 |
| g |
2 |
| l |
CCODEBUL1 |
| m |
BUL |
| p |
29.96 |
| q |
1 |
| r |
0 |
| s |
Y |
| t |
BOOK |
| u |
2017-2-6 |
| x |
TEOLOGIA |
| -- |
P35 |
| 0 |
COMPRA |
| o |
.STAFF. Colección Teología |
| 949 ## - PROCESAMIENTO DE INFORMACIÓN LOCAL (OCLC) |
| a |
261.55 P86 |
| w |
DEWEY |
| c |
1 |
| i |
FT02414 |
| d |
2018-6-1 |
| e |
2018-5-30 |
| l |
CCODEBUT1 |
| m |
BUT |
| n |
2 |
| p |
7.00 |
| r |
0 |
| s |
Y |
| t |
BOOK |
| u |
2016-7-8 |
| x |
BIBLIOTECA |
| z |
UNKNOWN |
| 0 |
COMPRA |
| o |
.STAFF. Colección General |
| 949 ## - PROCESAMIENTO DE INFORMACIÓN LOCAL (OCLC) |
| a |
261.55 P86 |
| w |
DEWEY |
| c |
2 |
| i |
FT03128 |
| d |
2018-5-17 |
| e |
2018-5-17 |
| l |
CCODEBUT1 |
| m |
BUT |
| n |
2 |
| p |
14.00 |
| r |
0 |
| s |
Y |
| t |
BOOK |
| u |
2016-11-17 |
| x |
BIBLIOTECA |
| z |
UNKNOWN |
| 0 |
COMPRA |
| o |
.STAFF. Colección General |
| 949 ## - PROCESAMIENTO DE INFORMACIÓN LOCAL (OCLC) |
| a |
BR115.H5 P75 2007 |
| w |
DEWEY |
| c |
1 |
| i |
CW62577 |
| l |
CIAE6 |
| m |
BWL |
| p |
29.00 |
| r |
0 |
| s |
Y |
| t |
BOOK |
| u |
2017-4-20 |
| x |
WHITE |
| z |
UNKNOWN |
| 0 |
COMPRA |
| o |
.STAFF. Centro White |
| 949 ## - PROCESAMIENTO DE INFORMACIÓN LOCAL (OCLC) |
| a |
BR115.H5 P75 2007 |
| w |
DEWEY |
| c |
2 |
| i |
CW00331 |
| l |
CIAE6 |
| m |
BWL |
| p |
29.00 |
| r |
0 |
| s |
Y |
| t |
BOOK |
| u |
2017-4-20 |
| x |
WHITE |
| z |
UNKNOWN |
| 0 |
COMPRA |
| o |
.STAFF. Centro White |
| 949 ## - PROCESAMIENTO DE INFORMACIÓN LOCAL (OCLC) |
| a |
BR115.H5 P75 2007 |
| w |
DEWEY |
| c |
3 |
| i |
CW00332 |
| l |
CIAE6 |
| m |
BWL |
| p |
29.00 |
| r |
0 |
| s |
Y |
| t |
BOOK |
| u |
2017-4-20 |
| x |
WHITE |
| z |
UNKNOWN |
| 0 |
COMPRA |
| o |
.STAFF. Centro White |
| 949 ## - PROCESAMIENTO DE INFORMACIÓN LOCAL (OCLC) |
| a |
BR115.H5 P75 2007 |
| w |
DEWEY |
| c |
4 |
| i |
CW00330 |
| l |
CIAE6 |
| m |
BWL |
| p |
29.00 |
| r |
0 |
| s |
Y |
| t |
BOOK |
| u |
2017-4-20 |
| x |
WHITE |
| z |
UNKNOWN |
| 0 |
COMPRA |
| o |
.STAFF. Centro White |
| 999 ## - NÚMEROS DE CONTROL DE SISTEMA (KOHA) |
| -- |
DEWEY |
| -- |
75677 |
| -- |
2021-11-9 |
| -- |
6 |
| -- |
CCODEBUL1 |
| -- |
BUL |
| -- |
29.96 |
| -- |
1 |
| -- |
0 |
| -- |
Y |
| -- |
BOOK |
| -- |
2017-2-6 |
| -- |
TEOLOGIA |
| -- |
P35 |
| -- |
COMPRA |
| -- |
.STAFF. Colección Teología |
| 999 ## - NÚMEROS DE CONTROL DE SISTEMA (KOHA) |
| -- |
DEWEY |
| -- |
75678 |
| -- |
2021-11-9 |
| -- |
5 |
| -- |
CCODEBUL1 |
| -- |
BUL |
| -- |
29.96 |
| -- |
0 |
| -- |
Y |
| -- |
BOOK |
| -- |
2017-2-6 |
| -- |
TEOLOGIA |
| -- |
P35 |
| -- |
COMPRA |
| -- |
.STAFF. Colección Teología |
| 999 ## - NÚMEROS DE CONTROL DE SISTEMA (KOHA) |
| -- |
DEWEY |
| -- |
75679 |
| -- |
2018-8-23 |
| -- |
2021-11-9 |
| -- |
5 |
| -- |
CCODEBUL1 |
| -- |
BUL |
| -- |
1 |
| -- |
29.96 |
| -- |
3 |
| -- |
0 |
| -- |
Y |
| -- |
BOOK |
| -- |
2017-2-6 |
| -- |
TEOLOGIA |
| -- |
P35 |
| -- |
COMPRA |
| -- |
.STAFF. Colección Teología |
| 999 ## - NÚMEROS DE CONTROL DE SISTEMA (KOHA) |
| -- |
DEWEY |
| -- |
FT02414 |
| -- |
2018-5-30 |
| -- |
CCODEBUT1 |
| -- |
BUT |
| -- |
2 |
| -- |
7.00 |
| -- |
0 |
| -- |
Y |
| -- |
BOOK |
| -- |
2016-7-8 |
| -- |
BIBLIOTECA |
| -- |
UNKNOWN |
| -- |
COMPRA |
| -- |
.STAFF. Colección General |
| 999 ## - NÚMEROS DE CONTROL DE SISTEMA (KOHA) |
| -- |
DEWEY |
| -- |
FT03128 |
| -- |
2018-5-17 |
| -- |
2019-2-20 |
| -- |
1 |
| -- |
CCODEBUT1 |
| -- |
BUT |
| -- |
2 |
| -- |
14.00 |
| -- |
0 |
| -- |
Y |
| -- |
BOOK |
| -- |
2016-11-17 |
| -- |
BIBLIOTECA |
| -- |
UNKNOWN |
| -- |
COMPRA |
| -- |
.STAFF. Colección General |
| 999 ## - NÚMEROS DE CONTROL DE SISTEMA (KOHA) |
| -- |
DEWEY |
| -- |
FJ03193 |
| -- |
2022-2-3 |
| -- |
3 |
| -- |
CCODEBUJ1 |
| -- |
BUJ |
| -- |
6.00 |
| -- |
1 |
| -- |
Y |
| -- |
BOOK |
| -- |
2016-10-24 |
| -- |
BIBLIOTECA |
| -- |
UNKNOWN |
| -- |
COMPRA |
| -- |
.STAFF. Colección General Juliaca |
| 999 ## - NÚMEROS DE CONTROL DE SISTEMA (KOHA) |
| -- |
DEWEY |
| -- |
CW62577 |
| -- |
2021-12-22 |
| -- |
2 |
| -- |
CCODECWL1 |
| -- |
BWL |
| -- |
29.00 |
| -- |
0 |
| -- |
Y |
| -- |
BOOK |
| -- |
2017-4-20 |
| -- |
WHITE |
| -- |
UNKNOWN |
| -- |
COMPRA |
| -- |
.STAFF. Centro White |
| 999 ## - NÚMEROS DE CONTROL DE SISTEMA (KOHA) |
| -- |
DEWEY |
| -- |
CW00331 |
| -- |
2021-12-22 |
| -- |
2 |
| -- |
CCODECWL1 |
| -- |
BWL |
| -- |
29.00 |
| -- |
0 |
| -- |
Y |
| -- |
BOOK |
| -- |
2017-4-20 |
| -- |
WHITE |
| -- |
UNKNOWN |
| -- |
COMPRA |
| -- |
.STAFF. Centro White |
| 999 ## - NÚMEROS DE CONTROL DE SISTEMA (KOHA) |
| -- |
DEWEY |
| -- |
CW00332 |
| -- |
2021-12-22 |
| -- |
2 |
| -- |
CCODECWL1 |
| -- |
BWL |
| -- |
29.00 |
| -- |
0 |
| -- |
Y |
| -- |
BOOK |
| -- |
2017-4-20 |
| -- |
WHITE |
| -- |
UNKNOWN |
| -- |
COMPRA |
| -- |
.STAFF. Centro White |
| 999 ## - NÚMEROS DE CONTROL DE SISTEMA (KOHA) |
| -- |
DEWEY |
| -- |
CW00330 |
| -- |
BWL |
| -- |
29.00 |
| -- |
0 |
| -- |
Y |
| -- |
BOOK |
| -- |
2017-4-20 |
| -- |
WHITE |
| -- |
UNKNOWN |
| -- |
COMPRA |
| -- |
.STAFF. Centro White |
| 980 ## - EQUIVALENCIA O REFERENCIA-CRUZADA-MENCIÓN DE SERIE--NOMBRE DE PERSONA/TÍTULO [LOCAL, CANADÁ] |
| ID del último usuario que modificó el registro |
1 |
| Nombre del último usuario que modificó el registro |
ALBERTO SANCHEZ Responsable de Automatización |